| 000 | 00706nam a2200181 a 4500 | ||
|---|---|---|---|
| 008 | 071019s1999 ||||||||||||||||| || u | ||
| 020 | _a0821344188 | ||
| 050 | _aIBRD(02) | ||
| 100 | _aShaban, Radwan A | ||
| 245 | 1 | 0 |
_aDevelopment under adversity: the Palestinian economy in transition _cEdited by Ishac Diwan and Radwan A. Shaban |
| 260 |
_aWashing, D.C. _bWorld Bank _c1999 |
||
| 350 | _a0.00 | ||
| 650 | _aPALESTINE -- ECONOMIC POLICY | ||
| 650 | _aPALESTINE -- ECONOMIC CONDITIONS | ||
| 700 | _aDiwan, Ishac | ||
| 710 | _aWorld Bank | ||
| 995 |
_D0.00 _FCBU-MAIN LIBRARY (Kitwe) _H1 _I0.00 _M1 _UAVAILABLE _WOct 19, 2007 _ZInternational Publications |
||
| 999 |
_c40043 _d40043 |
||